| 000 | 00369 a2200157 4500 | ||
|---|---|---|---|
| 001 | 151798 | ||
| 040 | _cEscola São Tomás de Aquino | ||
| 100 | _aFERNANADES, Thiago | ||
| 240 | 1 | 0 |
_aO cavaleiro das sombras _lpor |
| 245 | 1 | 0 | _aO cavaleiro das sombras |
| 300 | _a110 | ||
| 362 | 0 | _a2011 | |
| 440 | 1 | _aEditora leitura | |
| 697 | _a*LITERATURA JUVENIL | ||
| 942 | _cBK | ||
| 999 |
_c151798 _d151798 |
||